North American Geography by Letter - T - Statistics

General Stats
  • This quiz has been taken 389 times
  • The average score is 10 of 20
Answer Stats
Hint Answer % Correct
Most populous city in Canada Toronto
99%
Second largest US state by both area and population Texas
98%
State where you would find Graceland, Jack Daniels, and the Country Music Hall of Fame Tennessee
92%
Capital of Florida Tallahassee
88%
Baja California city known as the "Gateway to Mexico" for its tourist industry Tijuana
81%
Florida city that is the "Lightning Capital of North America"; its hockey team is an homage Tampa Bay
78%
Second largest city in Arizona Tucson
74%
Capital of Kansas Topeka
72%
Capital of Honduras, commonly known as "Tegus", Tegucigalpa
70%
Midtown Manhatten location where Broadway meets 7th Street Times Square
67%
Largest alpine lake in North America, its ski resorts played host to the 1960 Winter Olympics Tahoe
53%
City on the Puget Sound that hosts The Museum of Glass and America's Car Museum Tacoma
36%
Stormy bay in northern Lake Superior, or the large Canadian city adjacent to it Thunder Bay
34%
Site of the "Gunfight at the OK Corral" and the most productive silver mine in Arizona Tombstone
29%
Alabama city where African-American pilots trained for WWII service Tuskegee
29%
Mesoamerican site near Mexico City that includes the Pyramid of the Sun and Avenue of the Dead Teotihuacan
14%
Quebec city whose inhabitants are known as "Trifluvians" Trois-Rivières
11%
Major Mayan city ruin near Cancún - famous for its Castillo and Temple of the Wind Tulum
7%
Lake that surrounded the above, its basin is the site of Mexico City. Texcoco
6%
Turquoise waterfall formed by the Gallinas and Tampoan rivers in San Luis Potosi Tamul Falls
1%
No matching quizzes found
Score Distribution
Percent of People with Each Score
Percentile by Number Answered
Your Score History
You have not taken this quiz